Sumarizácia aproximátívnych metód rozdelenia celkovej škody diplomová práca

Salvato in:
Dettagli Bibliografici
Autore principale: Hebeňová, Kristína
Ente Autore: Fakulta hospodárskej informatiky EU. Katedra matematiky a aktuárstva
Altri autori: Horáková, Galina
Natura: Libro
Lingua:slovacco
Pubblicazione: Bratislava 2018
Tags: Aggiungi Tag
Nessun Tag, puoi essere il primo ad aggiungerne!!

MARC

LEADER 00000nbm a2200000 4500
001 0243501
005 20180925080803.8
041 0 |a slo 
044 |a SK 
245 1 0 |a Sumarizácia aproximátívnych metód rozdelenia celkovej škody  |b diplomová práca  |c Kristína Hebeňová ; školiteľ: Galina Horáková 
264 1 |a Bratislava  |c 2018 
300 |a 65 s. 
100 1 |a Hebeňová, Kristína 
700 1 |a Horáková, Galina 
710 2 |a Fakulta hospodárskej informatiky EU. Katedra matematiky a aktuárstva